000 00336nam a2200145Ia 4500
008 210210b1933 xxu||||| |||| 00| 0 eng d
041 _aeng
082 _a444/434
100 _aCHATEAUBRIAND
245 _aSelections
260 _aOxford
_bAt the Clarendon Press
_c1933
650 _aSelections
690 _aFrench
906 _a006629
999 _c129619
_d129619